| 000 | 00400cam a22001812a 4500 | ||
|---|---|---|---|
| 001 | 012244 | ||
| 003 | AR-FADEU | ||
| 008 | 311216n1948####xxu####################dd | ||
| 092 |
_aD348.6 _bP894 |
||
| 100 | _aPozzo, Juan D. | ||
| 245 | _aDerecho del trabajo | ||
| 260 | _aBuenos Aires | ||
| 260 | _bEdiar | ||
| 260 | _c1948 | ||
| 300 | _a4 v. | ||
| 650 | _aDERECHO DEL TRABAJO | ||
| 942 | _cBDGR | ||
| 999 |
_c18013 _d18013 |
||